|
|
|
|
| LEADER |
00000nam0a2200000 4500 |
| 001 |
150025 |
| 005 |
20231031150100.0 |
| 010 |
|
|
|a 9785779303682
|
| 035 |
|
|
|a (RuTPU)RU\TPU\book\162636
|
| 090 |
|
|
|a 150025
|
| 100 |
|
|
|a 20081224d2008 d y0rusy50 ca
|
| 101 |
0 |
|
|a rus
|
| 102 |
|
|
|a RU
|
| 105 |
|
|
|a a z 000zy
|
| 200 |
1 |
|
|a Боги древних славян
|f В. И. Калашников
|
| 210 |
|
|
|a Москва
|c Белый город
|d 2008
|
| 215 |
|
|
|a 47 с.
|c цв. ил.
|
| 225 |
1 |
|
|a История России
|
| 610 |
1 |
|
|a популярная литература
|
| 610 |
1 |
|
|a религия
|
| 610 |
1 |
|
|a мифология
|
| 610 |
1 |
|
|a боги
|
| 610 |
1 |
|
|a Древний мир
|
| 610 |
1 |
|
|a славяне
|
| 610 |
1 |
|
|a славянские боги
|
| 675 |
|
|
|a 087:2
|v 3
|
| 700 |
|
1 |
|a Калашников
|b В. И.
|g Виктор Иванович
|
| 801 |
|
1 |
|a RU
|b 63413507
|c 20081224
|g PSBO
|
| 801 |
|
2 |
|a RU
|b 63413507
|c 20090111
|g PSBO
|
| 942 |
|
|
|c BK
|